000 00346nam a22001457a 4500
008 230512b ||||| |||| 00| 0 eng d
020 _a9781414487373
041 _aeng
080 _2FOURTH EDITION VOLUME 1 ,2
_a030
082 _a030GAL
100 _a44
101 _aENCIKLO
245 _aENVIRONMENTAL ENCYCLOPEDIA
_cGALE
942 _2udc
_cBK
999 _c59689
_d59689